000 00598nam a2200229Ia 4500
003 OSt
005 20220923220315.0
006 a|||||r|||| 00| 0
007 ta
008 220922b |||||||| |||| 00| 0 hin d
024 _a185,859
037 _cTextual
040 _aARTS
_cARTS
_bhin
041 _2hin
_ahin
082 _aY1592:1:6:2:N3, 152H9
100 _aसंतराम
245 0 _aहमारा समाज
246 _aHamārā samāja
260 _c1949
942 _hY1592:1:6:2:N3, 152H9
_cTEXL
_2CC
999 _c339104
_d339104